[Event "eytcc"]
[Site "?"]
[Date "2017.08.21"]
[Round "5.38"]
[White "Guzik, Kacper"]
[Black "Zamar Kodelja, Jurij"]
[Result "1/2-1/2"]
[BlackElo "2251"]
[WhiteElo "1243"]
[LiveChessVersion "1.4.4"]

1. e4 {[%clk 1:30:58]} c5 {[%clk 1:30:53]} 2. Nf3 {[%clk 1:31:16]} d6
{[%clk 1:31:17]} 3. Nc3 {[%clk 1:30:12]} Nf6 {[%clk 1:30:58]} 4. d4
{[%clk 1:28:59]} cxd4 {[%clk 1:31:22]} 5. Nxd4 {[%clk 1:29:27]} g6
{[%clk 1:31:44]} 6. Be3 {[%clk 1:29:23]} Bg7 {[%clk 1:32:07]} 7. Be2
{[%clk 1:29:20]} O-O {[%clk 1:32:29]} 8. O-O {[%clk 1:29:10]} Nc6
{[%clk 1:32:52]} 9. Qd2 {[%clk 1:28:33]} Bd7 {[%clk 1:32:00]} 10. f3
{[%clk 1:27:29]} Rc8 {[%clk 1:32:02]} 11. Rac1 {[%clk 1:25:18]} Ne5
{[%clk 1:32:03]} 12. Rfd1 {[%clk 1:23:25]} a6 {[%clk 1:31:34]} 13. a4
{[%clk 1:18:21]} Nc4 {[%clk 1:29:42]} 14. Bxc4 {[%clk 1:18:05]} Rxc4
{[%clk 1:30:05]} 15. b3 {[%clk 1:17:01]} Rc8 {[%clk 1:30:21]} 16. Nd5
{[%clk 1:11:02]} Nxd5 {[%clk 1:30:42]} 17. exd5 {[%clk 1:11:19]} b5
{[%clk 1:31:08]} 18. axb5 {[%clk 1:11:05]} axb5 {[%clk 1:31:33]} 19. c4
{[%clk 1:10:24]} bxc4 {[%clk 1:28:18]} 20. bxc4 {[%clk 1:10:36]} Qc7
{[%clk 1:28:11]} 21. Bh6 {[%clk 1:08:19]} Qc5 {[%clk 1:25:03]} 22. Bxg7
{[%clk 1:07:23]} Kxg7 {[%clk 1:25:29]} 23. Kh1 {[%clk 1:06:30]} Rb8
{[%clk 1:24:43]} 24. Qc3 {[%clk 1:05:49]} Kg8 {[%clk 1:25:08]} 25. Re1
{[%clk 1:03:11]} Rfe8 {[%clk 1:25:06]} 26. Rb1 {[%clk 1:02:40]} Rbc8
{[%clk 1:24:19]} 27. Rec1 {[%clk 0:59:54]} Qc7 {[%clk 1:22:54]} 28. Nb5
{[%clk 0:56:39]} Bxb5 {[%clk 1:21:53]} 29. Rxb5 {[%clk 0:56:58]} Rb8
{[%clk 1:22:17]} 30. Rcb1 {[%clk 0:56:41]} Rxb5 {[%clk 1:22:36]} 31. Rxb5
{[%clk 0:56:51]} Rc8 {[%clk 1:23:02]} 32. Rb4 {[%clk 0:55:26]} Qa5
{[%clk 1:23:15]} 33. Qb2 {[%clk 0:55:03]} Qa6 {[%clk 1:23:13]} 34. Qc3
{[%clk 0:53:59]} f6 {[%clk 1:22:34]} 35. h3 {[%clk 0:53:52]} Qa5 {[%clk 1:22:49]}
36. Qb3 {[%clk 0:50:47]} Qa1+ {[%clk 1:22:30]} 37. Kh2 {[%clk 0:51:02]} Qe5+
{[%clk 1:22:56]} 38. Kh1 {[%clk 0:50:48]} Kg7 {[%clk 1:19:24]} 39. Rb8
{[%clk 0:50:33]} Rc5 {[%clk 1:15:05]} 40. Rb5 {[%clk 1:19:55]} Qd4
{[%clk 1:45:16]} 41. Rxc5 {[%clk 1:19:29]} Qxc5 {[%clk 1:45:40]} 42. Qb5
{[%clk 1:17:33]} Qe3 {[%clk 1:45:55]} 43. Kh2 {[%clk 1:15:17]} h5
{[%clk 1:46:16]} 44. h4 {[%clk 1:13:10]} Qf4+ {[%clk 1:46:30]} 45. Kh3
{[%clk 1:12:52]} g5 {[%clk 1:46:02]} 46. hxg5 {[%clk 1:10:07]} fxg5
{[%clk 1:46:25]} 47. g3 {[%clk 1:07:23]} Qxf3 {[%clk 1:46:39]} 48. Qb2+
{[%clk 1:05:23]} Kf7 {[%clk 1:46:35]} 49. Kh2 {[%clk 1:05:10]} g4
{[%clk 1:47:00]} 50. Qc2 {[%clk 1:04:16]} Kf8 {[%clk 1:47:10]} 51. Qb2
{[%clk 1:02:34]} Kg8 {[%clk 1:43:23]} 52. Qc2 {[%clk 1:01:43]} Kg7
{[%clk 1:43:41]} 53. Qd2 {[%clk 1:01:04]} Qf6 {[%clk 1:43:50]} 54. Kg2
{[%clk 1:01:07]} Kf8 {[%clk 1:43:55]} 55. Kg1 {[%clk 0:58:51]} Ke8
{[%clk 1:44:12]} 56. Qc2 {[%clk 0:56:03]} Kd8 {[%clk 1:44:16]} 57. Qa2
{[%clk 0:54:52]} Qd4+ {[%clk 1:44:35]} 58. Kh2 {[%clk 0:54:42]} Ke8
{[%clk 1:44:43]} 59. Qa4+ {[%clk 0:53:52]} Kf8 {[%clk 1:44:46]} 60. Qc2
{[%clk 0:53:59]} Qf6 {[%clk 1:44:37]} 61. Qd2 {[%clk 0:52:54]} h4
{[%clk 1:44:07]} 62. Qe2 {[%clk 0:50:43]} Ke8 {[%clk 1:38:13]} 63. Qxg4
{[%clk 0:47:38]} hxg3+ {[%clk 1:38:41]} 64. Kxg3 {[%clk 0:47:45]} Kd8
{[%clk 1:39:07]} 65. Qf4 {[%clk 0:45:06]} Qc3+ {[%clk 1:39:30]} 66. Kf2
{[%clk 0:45:05]} Kc7 {[%clk 1:39:57]} 67. Qe3 {[%clk 0:44:46]} Qc2+
{[%clk 1:40:03]} 68. Ke1 {[%clk 0:44:15]} Kd7 {[%clk 1:40:29]} 69. Qe6+
{[%clk 0:44:00]} Kd8 {[%clk 1:40:55]} 70. Qg8+ {[%clk 0:43:56]} Kc7
{[%clk 1:41:24]} 71. Qe6 {[%clk 0:43:34]} Qc1+ {[%clk 1:41:48]} 72. Kf2
{[%clk 0:43:46]} Qd2+ {[%clk 1:42:12]} 73. Qe2 {[%clk 0:43:25]} Qf4+
{[%clk 1:41:38]} 74. Ke1 {[%clk 0:43:20]} Qg5 {[%clk 1:42:07]} 75. Kd1
{[%clk 0:42:59]} Kd8 {[%clk 1:42:05]} 76. Kc2 {[%clk 0:42:50]} Qg3
{[%clk 1:42:29]} 77. Qd3 {[%clk 0:42:25]} Qf2+ {[%clk 1:42:56]} 78. Qd2
{[%clk 0:42:28]} Qc5 {[%clk 1:43:21]} 79. Qd3 {[%clk 0:42:21]} Kc7
{[%clk 1:43:49]} 80. Qb3 {[%clk 0:41:49]} e5 {[%clk 1:43:48]} 81. dxe6
{[%clk 0:41:29]} Qf5+ {[%clk 1:44:17]} 82. Qd3 {[%clk 0:41:13]} Qxe6
{[%clk 1:44:46]} 83. Kb3 {[%clk 0:41:11]} Qe5 {[%clk 1:45:13]} 84. Qh7+
{[%clk 0:40:42]} Kb6 {[%clk 1:45:37]} 85. Qd3 {[%clk 0:39:50]} Kc5
{[%clk 1:46:05]} 86. Qc3 {[%clk 0:39:39]} Qxc3+ {[%clk 1:46:01]} 87. Kxc3
{[%clk 0:39:57]} d5 {[%clk 1:46:31]} 88. cxd5 {[%clk 0:40:25]} Kxd5
{[%clk 1:46:59]} 1/2-1/2

[Event "eytcc"]
[Site "?"]
[Date "2017.08.21"]
[Round "5.39"]
[White "Brinovec, David"]
[Black "Jaszczuk, Mateusz"]
[Result "1-0"]
[BlackElo "1472"]
[WhiteElo "2178"]
[LiveChessVersion "1.4.4"]

1. e4 {[%clk 1:30:49]} c5 {[%clk 1:30:54]} 2. c3 {[%clk 1:31:16]} Nc6
{[%clk 1:30:51]} 3. d4 {[%clk 1:31:40]} cxd4 {[%clk 1:31:06]} 4. cxd4
{[%clk 1:32:04]} d5 {[%clk 1:31:31]} 5. exd5 {[%clk 1:32:01]} Qxd5
{[%clk 1:31:52]} 6. Nf3 {[%clk 1:32:25]} Nf6 {[%clk 1:10:16]} 7. Nc3
{[%clk 1:31:38]} Qd8 {[%clk 1:04:36]} 8. d5 {[%clk 1:30:53]} Nb8 {[%clk 1:01:08]}
9. Bc4 {[%clk 1:21:42]} e6 {[%clk 0:56:12]} 10. Bb5+ {[%clk 1:20:05]} Bd7
{[%clk 0:50:50]} 11. dxe6 {[%clk 1:20:10]} fxe6 {[%clk 0:50:38]} 12. O-O
{[%clk 1:19:36]} Nc6 {[%clk 0:33:54]} 13. Ng5 {[%clk 1:17:26]} h6
{[%clk 0:25:55]} 14. Nge4 {[%clk 1:17:44]} Ne5 {[%clk 0:23:03]} 15. Nd6+
{[%clk 1:15:05]} Bxd6 {[%clk 0:20:04]} 16. Qxd6 {[%clk 1:15:27]} Bxb5
{[%clk 0:12:25]} 17. Qxe6+ {[%clk 1:14:56]} Qe7 {[%clk 0:11:21]} 18. Qxe7+
{[%clk 1:15:14]} Kxe7 {[%clk 0:11:41]} 19. Nxb5 {[%clk 1:15:41]} Nd3
{[%clk 0:10:04]} 20. Be3 {[%clk 1:14:32]} Nxb2 {[%clk 0:07:04]} 21. Bxa7
{[%clk 1:14:25]} Nd3 {[%clk 0:04:23]} 22. g3 {[%clk 1:11:59]} Rac8
{[%clk 0:03:37]} 23. Rfd1 {[%clk 1:09:54]} Rhd8 {[%clk 0:02:40]} 24. Rd2
{[%clk 1:05:50]} Rd5 {[%clk 0:01:02]} 25. a4 {[%clk 1:04:41]} Rcd8
{[%clk 0:00:36]} 26. Rb1 {[%clk 1:03:12]} R8d7 {[%clk 0:00:34]} 27. Nc3
{[%clk 1:02:27]} Ra5 {[%clk 0:00:36]} 28. Bb6 {[%clk 1:02:23]} Rf5
{[%clk 0:00:50]} 29. Nb5 {[%clk 0:56:51]} Ng4 {[%clk 0:00:49]} 30. Nd4
{[%clk 0:55:50]} Rfd5 {[%clk 0:00:34]} 31. Rxd3 {[%clk 0:56:07]} Kf7
{[%clk 0:00:36]} 32. f4 {[%clk 0:55:42]} Nf6 {[%clk 0:00:54]} 33. Rbd1
{[%clk 0:55:50]} R7d6 {[%clk 0:00:51]} 34. Nb5 {[%clk 0:55:27]} Rxb6
{[%clk 0:00:58]} 35. Rxd5 {[%clk 0:55:49]} Nxd5 {[%clk 0:01:19]} 36. Rxd5
{[%clk 0:56:15]} Ke6 {[%clk 0:01:27]} 37. Nc7+ {[%clk 0:55:24]} Kf6
{[%clk 0:01:32]} 38. Rb5 {[%clk 0:55:23]} Rc6 {[%clk 0:01:38]} 39. Rxb7
{[%clk 0:54:40]} Rc1+ {[%clk 0:01:48]} 40. Kg2 {[%clk 1:24:45]} Ra1
{[%clk 0:32:01]} 41. Ra7 {[%clk 1:24:43]} Ra2+ {[%clk 0:31:25]} 42. Kh3
{[%clk 1:25:03]} 1-0

[Event "eytcc"]
[Site "?"]
[Date "2017.08.21"]
[Round "5.40"]
[White "Chodorowski, Adrian"]
[Black "Subelj, Jan"]
[Result "0-1"]
[BlackElo "2120"]
[WhiteElo "1330"]
[LiveChessVersion "1.4.4"]

1. e4 {[%clk 1:30:52]} e5 {[%clk 1:30:46]} 2. Nf3 {[%clk 1:30:11]} Nc6
{[%clk 1:31:01]} 3. Nc3 {[%clk 1:24:28]} Nf6 {[%clk 1:31:02]} 4. Bb5
{[%clk 1:23:07]} Bd6 {[%clk 1:31:19]} 5. O-O {[%clk 1:21:56]} O-O
{[%clk 1:31:35]} 6. d3 {[%clk 1:17:43]} a6 {[%clk 1:30:45]} 7. Ba4
{[%clk 1:13:07]} h6 {[%clk 1:30:18]} 8. Be3 {[%clk 1:09:33]} Re8 {[%clk 1:29:57]}
9. h3 {[%clk 1:06:42]} Bf8 {[%clk 1:29:54]} 10. a3 {[%clk 1:01:19]} d6
{[%clk 1:29:49]} 11. Bb3 {[%clk 0:56:43]} Be6 {[%clk 1:28:50]} 12. Bxe6
{[%clk 0:56:20]} Rxe6 {[%clk 1:29:12]} 13. Nd5 {[%clk 0:45:36]} Re8
{[%clk 1:28:03]} 14. Nxf6+ {[%clk 0:45:33]} Qxf6 {[%clk 1:28:26]} 15. Qd2
{[%clk 0:45:18]} Rad8 {[%clk 1:28:28]} 16. Rad1 {[%clk 0:41:16]} d5
{[%clk 1:27:53]} 17. exd5 {[%clk 0:41:19]} Rxd5 {[%clk 1:28:10]} 18. Qc1
{[%clk 0:41:24]} Kh7 {[%clk 1:27:13]} 19. Rfe1 {[%clk 0:35:21]} Qd8
{[%clk 1:24:31]} 20. Nh2 {[%clk 0:30:42]} g5 {[%clk 1:21:24]} 21. f3
{[%clk 0:27:23]} f5 {[%clk 1:21:15]} 22. Bf2 {[%clk 0:27:06]} Bg7
{[%clk 1:21:37]} 23. Nf1 {[%clk 0:26:17]} Rf8 {[%clk 1:20:34]} 24. Ne3
{[%clk 0:25:31]} Rd7 {[%clk 1:21:00]} 25. Qb1 {[%clk 0:19:14]} Qf6
{[%clk 1:19:27]} 26. c3 {[%clk 0:12:16]} Kh8 {[%clk 1:19:11]} 27. Qc2
{[%clk 0:12:04]} Rfd8 {[%clk 1:18:32]} 28. Re2 {[%clk 0:09:02]} Ne7
{[%clk 1:15:22]} 29. Nc4 {[%clk 0:07:29]} Ng6 {[%clk 1:14:02]} 30. Red2
{[%clk 0:06:07]} b5 {[%clk 1:12:47]} 31. Na5 {[%clk 0:05:45]} Re8
{[%clk 1:08:37]} 32. Nb3 {[%clk 0:03:49]} Nf4 {[%clk 1:08:12]} 33. Nc5
{[%clk 0:04:04]} Rde7 {[%clk 1:08:04]} 34. Re1 {[%clk 0:02:53]} Qg6
{[%clk 1:07:21]} 35. d4 {[%clk 0:01:55]} exd4 {[%clk 1:04:43]} 36. Rxe7
{[%clk 0:02:17]} Rxe7 {[%clk 1:05:07]} 37. Bxd4 {[%clk 0:02:18]} Bxd4+
{[%clk 1:05:29]} 38. cxd4 {[%clk 0:02:23]} Re1+ {[%clk 1:05:32]} 39. Kh2
{[%clk 0:02:23]} c6 {[%clk 1:01:17]} 40. Nd3 {[%clk 0:32:29]} Nxd3
{[%clk 1:30:42]} 41. Qxd3 {[%clk 0:32:54]} h5 {[%clk 1:26:12]} 42. Re2
{[%clk 0:33:22]} Qd6+ {[%clk 1:26:36]} 43. g3 {[%clk 0:33:48]} h4
{[%clk 1:26:53]} 44. Rg2 {[%clk 0:30:17]} hxg3+ {[%clk 1:24:47]} 45. Rxg3
{[%clk 0:30:39]} Qf4 {[%clk 1:24:35]} 46. Qc2 {[%clk 0:27:02]} Qxd4
{[%clk 1:20:04]} 47. Rxg5 {[%clk 0:14:05]} Qe5+ {[%clk 1:20:22]} 48. f4
{[%clk 0:13:47]} Re2+ {[%clk 1:20:48]} 49. Kg3 {[%clk 0:12:56]} Qe3+
{[%clk 1:21:13]} 0-1

[Event "eytcc"]
[Site "?"]
[Date "2017.08.21"]
[Round "5.41"]
[White "Jakab, Bela"]
[Black "Rudecki, Bartosz"]
[Result "1-0"]
[BlackElo "1884"]
[WhiteElo "2195"]
[LiveChessVersion "1.4.4"]

1. e4 {[%clk 1:30:58]} e5 {[%clk 1:30:54]} 2. Nf3 {[%clk 1:31:23]} Nc6
{[%clk 1:31:19]} 3. Bc4 {[%clk 1:31:47]} Bc5 {[%clk 1:31:44]} 4. c3
{[%clk 1:32:11]} Nf6 {[%clk 1:32:03]} 5. d3 {[%clk 1:32:33]} d6 {[%clk 1:32:28]}
6. O-O {[%clk 1:32:57]} h6 {[%clk 1:32:10]} 7. h3 {[%clk 1:32:46]} O-O
{[%clk 1:32:26]} 8. Bb3 {[%clk 1:32:55]} b5 {[%clk 1:30:10]} 9. Re1
{[%clk 1:32:10]} a5 {[%clk 1:29:56]} 10. Bc2 {[%clk 1:29:16]} Re8
{[%clk 1:26:11]} 11. Nbd2 {[%clk 1:29:14]} b4 {[%clk 1:17:11]} 12. Nc4
{[%clk 1:24:08]} Bd7 {[%clk 1:09:33]} 13. d4 {[%clk 1:11:22]} Ba7
{[%clk 1:01:53]} 14. Be3 {[%clk 0:58:08]} bxc3 {[%clk 0:58:26]} 15. bxc3
{[%clk 0:58:28]} exd4 {[%clk 0:58:04]} 16. cxd4 {[%clk 0:54:35]} Nxe4
{[%clk 0:50:13]} 17. d5 {[%clk 0:53:05]} Nc3 {[%clk 0:32:27]} 18. Qd3
{[%clk 0:52:20]} Bxe3 {[%clk 0:31:51]} 19. Rxe3 {[%clk 0:45:31]} Rxe3
{[%clk 0:31:22]} 20. Nxe3 {[%clk 0:43:22]} Qf6 {[%clk 0:30:11]} 21. Qh7+
{[%clk 0:40:59]} Kf8 {[%clk 0:30:35]} 22. Re1 {[%clk 0:41:23]} Ne7
{[%clk 0:24:09]} 23. Qh8+ {[%clk 0:40:43]} Ng8 {[%clk 0:24:16]} 24. Bh7
{[%clk 0:41:08]} 1-0

[Event "eytcc"]
[Site "?"]
[Date "2017.08.21"]
[Round "5.42"]
[White "Swider, Pawel"]
[Black "Molnar, Erno"]
[Result "0-1"]
[BlackElo "2194"]
[WhiteElo "1918"]
[LiveChessVersion "1.4.4"]

1. d4 Nf6 2. c4 g6 3. g3 Bg7 4. Bg2 d5 5. Nf3 O-O 6. Qb3 Nc6 7. cxd5 Qxd5 8. Qxd5
Nxd5 9. Na3 Ndb4 10. Bd2 a5 11. Bc3 Be6 12. O-O Bxa2 13. e4 e6 14. Rfd1 Rfd8 15.
Bf1 Bb3 16. Rd2 Na2 17. Bc4 Bxc4 18. Nxc4 Nxc3 19. bxc3 b5 20. Ne3 a4 21. Nc2 Na5
22. Rdd1 c5 23. Rab1 Nb3 24. e5 cxd4 25. Ncxd4 Nxd4 26. Nxd4 Bxe5 27. Rxb5 Bf6
28. f4 a3 29. Ra1 Rxd4 30. cxd4 Bxd4+ 31. Kg2 Bxa1 0-1

[Event "eytcc"]
[Site "?"]
[Date "2017.08.21"]
[Round "5.43"]
[White "Matis, Tibor"]
[Black "Gazda, Dominik"]
[Result "1/2-1/2"]
[BlackElo "1438"]
[WhiteElo "1947"]
[LiveChessVersion "1.4.4"]

1. e4 {[%clk 1:30:50]} c5 {[%clk 1:30:40]} 2. Nf3 {[%clk 1:31:00]} Nc6
{[%clk 1:30:38]} 3. d4 {[%clk 1:30:32]} cxd4 {[%clk 1:30:16]} 4. Nxd4
{[%clk 1:30:53]} g6 {[%clk 1:30:10]} 5. Nc3 {[%clk 1:29:46]} Bg7 {[%clk 1:29:59]}
6. Be3 {[%clk 1:30:01]} Nf6 {[%clk 1:29:45]} 7. Be2 {[%clk 1:28:32]} O-O
{[%clk 1:29:11]} 8. O-O {[%clk 1:28:39]} d5 {[%clk 1:27:37]} 9. exd5
{[%clk 1:10:55]} Nb4 {[%clk 1:27:15]} 10. d6 {[%clk 1:08:27]} Qxd6
{[%clk 1:19:56]} 11. Ncb5 {[%clk 1:00:24]} Qd8 {[%clk 1:19:13]} 12. c4
{[%clk 0:59:24]} a6 {[%clk 1:17:12]} 13. Qa4 {[%clk 0:49:52]} Nc6
{[%clk 1:06:39]} 14. Nxc6 {[%clk 0:43:20]} bxc6 {[%clk 1:07:00]} 15. Na7
{[%clk 0:42:21]} Bd7 {[%clk 1:03:53]} 16. Qxa6 {[%clk 0:39:17]} Qc7
{[%clk 1:00:57]} 17. Bf3 {[%clk 0:31:38]} Ng4 {[%clk 0:58:19]} 18. Bxg4
{[%clk 0:28:08]} Bxg4 {[%clk 0:58:40]} 19. Bb6 {[%clk 0:18:32]} Qf4
{[%clk 0:52:45]} 20. Be3 {[%clk 0:18:46]} Qc7 {[%clk 0:53:06]} 21. Bb6
{[%clk 0:18:59]} Qf4 {[%clk 0:48:49]} 22. Be3 {[%clk 0:18:17]} Qc7
{[%clk 0:46:24]} 23. Bb6 {[%clk 0:16:13]} Qb8 {[%clk 0:43:59]} 24. Rfe1
{[%clk 0:13:39]} Be5 {[%clk 0:41:32]} 25. h3 {[%clk 0:12:11]} Bf5
{[%clk 0:38:10]} 26. Rad1 {[%clk 0:07:51]} Rc8 {[%clk 0:18:29]} 27. c5
{[%clk 0:07:06]} Rc7 {[%clk 0:16:44]} 28. Rxe5 {[%clk 0:01:51]} Rcxa7
{[%clk 0:17:02]} 29. Qxa7 {[%clk 0:01:48]} Rxa7 {[%clk 0:16:39]} 30. Rd8+
{[%clk 0:02:16]} Qxd8 {[%clk 0:16:53]} 31. Bxd8 {[%clk 0:02:44]} Rxa2
{[%clk 0:15:41]} 32. b4 {[%clk 0:02:31]} Rb2 {[%clk 0:14:32]} 33. Bxe7
{[%clk 0:01:19]} Rxb4 {[%clk 0:14:31]} 34. Bf6 {[%clk 0:01:45]} Rb8
{[%clk 0:14:35]} 35. Re7 {[%clk 0:01:46]} Kf8 {[%clk 0:14:13]} 36. g4
{[%clk 0:00:53]} Be6 {[%clk 0:14:27]} 37. Rc7 {[%clk 0:00:58]} Rc8
{[%clk 0:14:49]} 38. Rb7 {[%clk 0:01:23]} Bd5 {[%clk 0:13:49]} 39. f4
{[%clk 0:00:47]} Re8 {[%clk 0:13:09]} 40. Be5 {[%clk 0:30:39]} Kg8
{[%clk 0:40:36]} 41. Kf2 {[%clk 0:29:28]} Rf8 {[%clk 0:33:35]} 42. Bf6
{[%clk 0:28:02]} Re8 {[%clk 0:33:51]} 43. g5 {[%clk 0:20:37]} h6 {[%clk 0:31:06]}
44. h4 {[%clk 0:19:13]} Kh7 {[%clk 0:30:58]} 45. Rd7 {[%clk 0:14:56]} Be6
{[%clk 0:30:12]} 46. Rd6 {[%clk 0:13:50]} Bd5 {[%clk 0:30:36]} 47. Be5
{[%clk 0:13:43]} h5 {[%clk 0:27:14]} 48. Ke3 {[%clk 0:10:30]} Kg8
{[%clk 0:25:51]} 1/2-1/2

[Event "eytcc"]
[Site "?"]
[Date "2017.08.21"]
[Round "5.44"]
[White "Winter, Anna"]
[Black "Bugar, Peter"]
[Result "0-1"]
[BlackElo "1807"]
[WhiteElo "1561"]
[LiveChessVersion "1.4.4"]

1. e4 e6 2. d4 d5 3. exd5 exd5 4. Bd3 c5 5. dxc5 Bxc5 6. Ne2 Ne7 7. O-O O-O 8. c3
Nbc6 9. Bf4 Re8 10. Qc2 Ng6 11. Bg3 Nce5 12. Bxe5 Rxe5 13. Nd2 Bg4 14. Ng3 Bb6
15. h3 Qh4 16. Nf5 Bxf5 17. Nf3 Qg3 18. Kh1 Bxd3 19. Qd2 Bxf1 20. fxg3 Re2 21.
Rxf1 Rxd2 22. Nxd2 Re8 23. Nf3 h6 24. Rd1 Ne5 25. Nh4 Nc4 26. b3 Ne3 27. Rd3 g5
28. Nf3 Bc7 29. g4 Nf1 30. Rd1 Ng3+ 31. Kg1 Re2 32. a3 Bb6+ 33. Kh2 Ne4 34. Rxd5
Nxc3 35. Rd3 Ne4 36. a4 Re3 37. Rxe3 Bxe3 0-1

[Event "eytcc"]
[Site "?"]
[Date "2017.08.22"]
[Round "6.1"]
[White "Livaic, Leon"]
[Black "Zajic, Milan"]
[Result "1/2-1/2"]
[BlackElo "2499"]
[WhiteElo "2464"]
[LiveChessVersion "1.4.4"]

1. d4 {[%clk 1:30:58]} Nf6 {[%clk 1:30:53]} 2. c4 {[%clk 1:31:20]} e6
{[%clk 1:31:12]} 3. Nf3 {[%clk 1:31:45]} b6 {[%clk 1:31:33]} 4. g3
{[%clk 1:32:04]} Ba6 {[%clk 1:31:46]} 5. Qc2 {[%clk 1:32:14]} Bb7
{[%clk 1:31:28]} 6. Bg2 {[%clk 1:32:31]} c5 {[%clk 1:31:31]} 7. d5
{[%clk 1:32:35]} exd5 {[%clk 1:31:44]} 8. cxd5 {[%clk 1:33:02]} Nxd5
{[%clk 1:31:42]} 9. O-O {[%clk 1:33:23]} Be7 {[%clk 1:31:20]} 10. Rd1
{[%clk 1:33:40]} Nc6 {[%clk 1:31:05]} 11. a3 {[%clk 1:33:50]} Nc7
{[%clk 1:28:42]} 12. Bf4 {[%clk 1:33:20]} Ne6 {[%clk 1:24:38]} 13. e3
{[%clk 1:33:22]} O-O {[%clk 1:21:52]} 14. Nc3 {[%clk 1:33:38]} Nxf4
{[%clk 1:20:39]} 15. gxf4 {[%clk 1:34:03]} d6 {[%clk 1:13:42]} 16. Rd2
{[%clk 1:33:33]} Qc8 {[%clk 1:07:04]} 17. Rad1 {[%clk 1:28:03]} h6
{[%clk 0:50:46]} 18. f5 {[%clk 0:51:51]} Nb8 {[%clk 0:28:36]} 19. Ne1
{[%clk 0:43:41]} Nd7 {[%clk 0:27:40]} 20. Bxb7 {[%clk 0:39:11]} Qxb7
{[%clk 0:28:07]} 21. Nd5 {[%clk 0:37:43]} Nf6 {[%clk 0:27:12]} 22. Ng2
{[%clk 0:34:28]} Nxd5 {[%clk 0:26:12]} 23. Rxd5 {[%clk 0:34:53]} Rad8
{[%clk 0:21:49]} 24. Nf4 {[%clk 0:34:15]} Rfe8 {[%clk 0:17:59]} 25. Nh5
{[%clk 0:31:18]} Bf8 {[%clk 0:16:21]} 26. f6 {[%clk 0:15:24]} g6 {[%clk 0:06:31]}
27. Nf4 {[%clk 0:14:35]} Qc8 {[%clk 0:06:44]} 28. h3 {[%clk 0:10:46]} Kh7
{[%clk 0:02:53]} 29. Kh2 {[%clk 0:10:16]} Re5 {[%clk 0:02:47]} 30. Qc4
{[%clk 0:05:21]} Rxd5 {[%clk 0:02:45]} 31. Qxd5 {[%clk 0:05:47]} Qc7
{[%clk 0:02:09]} 32. Rg1 {[%clk 0:04:03]} Qd7 {[%clk 0:01:54]} 33. h4
{[%clk 0:02:55]} Re8 {[%clk 0:01:35]} 34. Qd3 {[%clk 0:02:02]} Qf5
{[%clk 0:01:29]} 35. Qxf5 {[%clk 0:01:45]} gxf5 {[%clk 0:01:57]} 36. Nd5
{[%clk 0:01:04]} Re5 {[%clk 0:01:52]} 37. Rd1 {[%clk 0:01:29]} f4
{[%clk 0:01:47]} 38. exf4 {[%clk 0:00:53]} Re2 {[%clk 0:01:57]} 39. Kg3
{[%clk 0:00:49]} Kg6 {[%clk 0:02:04]} 40. Kf3 {[%clk 0:30:49]} Rxb2
{[%clk 0:31:56]} 41. Rg1+ {[%clk 0:25:45]} Kh7 {[%clk 0:28:34]} 42. h5
{[%clk 0:23:55]} Ra2 {[%clk 0:22:44]} 43. Ne7 {[%clk 0:17:08]} Rxa3+
{[%clk 0:22:59]} 44. Ke4 {[%clk 0:17:22]} Ra2 {[%clk 0:22:34]} 45. Kf3
{[%clk 0:13:53]} Ra3+ {[%clk 0:22:26]} 46. Ke4 {[%clk 0:14:19]} 1/2-1/2

[Event "eytcc"]
[Site "?"]
[Date "2017.08.22"]
[Round "6.2"]
[White "Djordjevic, Vuk"]
[Black "Plenca, Jadranko"]
[Result "1/2-1/2"]
[BlackElo "2446"]
[WhiteElo "2337"]
[LiveChessVersion "1.4.4"]

1. d4 {[%clk 1:30:51]} Nf6 {[%clk 1:30:47]} 2. Bg5 {[%clk 1:30:22]} c5
{[%clk 1:31:01]} 3. Bxf6 {[%clk 1:30:32]} exf6 {[%clk 1:31:22]} 4. e3
{[%clk 1:26:51]} d5 {[%clk 1:31:33]} 5. Nc3 {[%clk 1:25:45]} Nc6 {[%clk 1:30:28]}
6. Nge2 {[%clk 1:19:17]} Be6 {[%clk 1:29:02]} 7. g3 {[%clk 1:16:30]} cxd4
{[%clk 1:24:30]} 8. exd4 {[%clk 1:03:52]} Bb4 {[%clk 1:21:58]} 9. Bg2
{[%clk 1:03:27]} Bxc3+ {[%clk 1:07:05]} 10. Nxc3 {[%clk 0:56:32]} O-O
{[%clk 1:05:05]} 11. O-O {[%clk 0:48:55]} Qb6 {[%clk 1:01:31]} 12. Nxd5
{[%clk 0:45:24]} Qxb2 {[%clk 0:59:10]} 13. Nxf6+ {[%clk 0:40:33]} gxf6
{[%clk 0:56:58]} 14. d5 {[%clk 0:40:20]} Rad8 {[%clk 0:54:18]} 15. Qh5
{[%clk 0:39:48]} Bxd5 {[%clk 0:51:55]} 16. Bxd5 {[%clk 0:39:06]} Qxc2
{[%clk 0:51:51]} 17. Rac1 {[%clk 0:29:40]} Qg6 {[%clk 0:50:59]} 18. Qxg6+
{[%clk 0:29:57]} hxg6 {[%clk 0:51:23]} 19. Bxc6 {[%clk 0:30:24]} bxc6
{[%clk 0:51:46]} 20. Rxc6 {[%clk 0:30:52]} f5 {[%clk 0:50:46]} 21. Rc7
{[%clk 0:30:16]} a6 {[%clk 0:48:55]} 22. Rc6 {[%clk 0:29:07]} Rd2
{[%clk 0:45:58]} 23. Rxa6 {[%clk 0:29:08]} Rc8 {[%clk 0:46:20]} 24. Ra5
{[%clk 0:26:29]} Rcc2 {[%clk 0:46:33]} 25. a3 {[%clk 0:26:51]} Ra2
{[%clk 0:46:45]} 26. Ra4 {[%clk 0:26:28]} Rd3 {[%clk 0:47:05]} 27. Kg2
{[%clk 0:26:51]} Rdxa3 {[%clk 0:47:28]} 28. Rxa3 {[%clk 0:27:17]} Rxa3
{[%clk 0:47:53]} 29. Rc1 {[%clk 0:27:46]} Kg7 {[%clk 0:48:14]} 30. Rc6
{[%clk 0:28:13]} Ra2 {[%clk 0:48:36]} 1/2-1/2